Chansons de La Mano 1.9 - Album R.A.T - Statistiques

Statistiques générales
  • Ce quiz a été pris 19 fois
  • Le résultat moyen est 9 sur 18
Statistiques - réponses
Ordre dans l'album Chansons % Correct
09 Businessman
71%
10 Bomberman
64%
11 Fourmi
64%
13 Sexy Woman
64%
16 SWAT
57%
08 27.06.25 (Magie)
50%
12 Célibataire
50%
07 City
50%
01 Encore
50%
02 Handek
50%
03 I'm Sorry
50%
05 Crime ensoleillé
43%
18 Kilo
43%
06 Mailler
43%
04 4K
36%
17 Génération
29%
15 Lvl Up
29%
14 No Pain, No Gain
14%
Aucun quiz correspondant
Distribution des résultats
% des personnes avec chaque résultat
Percentile par nombre de réponses
Votre historique - résultats
Vous n’avez pas pris ce quiz